| 000 | 00000nam##2200000za#4500 |
| 001 | 9.587623 |
| 003 | CaOODSP |
| 005 | 20210624194725 |
| 007 | cr ||||||||||| |
| 008 | 150406|2008||||xxc|||||o f|0| 0 eng|d |
| 022 | |a1701-1280 |
| 040 | |aCaOODSP|beng |
| 041 | |aeng |
| 041 | |afre |
| 043 | |an-cn--- |
| 086 | 1 |aFs70-4/2008-010-PDF |
| 110 | 1 |aCanada. |bDepartment of Fisheries and Oceans. |
| 245 | 10|aReport from the March 26, 2007, CIAS national nonference call to discuss priority research required within DFO pertaining to sustainable aquaculture production / |h[electronic resource]|cprepared by Edward Kennedy, Fred Page. |
| 260 | |aOttawa - Ontario : |bFisheries and Oceans Canada |cJune 2008 (Revised: July 2008). |
| 300 | |a38p.|btables |
| 490 | 1 |aCanadian Science Advisory Secretariat proceedings series|x1701-1280|v2008/010 |
| 500 | |aAt head of title: Centre for Integrated Aquaculture Science (CIAS) Fisheries and Oceans Canada. |
| 546 | |aBilingual. One appendix in English only. |
| 590 | |a11-28-Supp|b2011-11-17 |
| 720 | 1 |aPage, Fred |
| 720 | 1 |aKennedy, Edward |
| 792 | |tRapport sur la téléconférence nationale tenue le 26 mars 2007 pour discuter des priorités de recherche à établir au sein du MPO en matière de production aquacole durable / |efre|w(CaOODSP)9.587624 |
| 830 | #0|aProceedings series (Canadian Science Advisory Secretariat)|x1701-1280|v2008/010|w(CaOODSP)9.500507 |
| 856 | 40|ahttp://publications.gc.ca|qPDF|s265 KB|uhttps://publications.gc.ca/collections/collection_2011/mpo-dfo/Fs70-4-2008-010.pdf|y2008/010 |